00552nam a22002057a 4500003000500000005001700005008004100022010001000063011001000073035001000083040000900093082001500102100002100117245008000138260004100218300002000259650002800279650001600307710002300323CHAP20220817041845.0971013s1958 r 00010 d a26687 a27659 a31760 cCHAP a338.9bE4400aEkker, Martin H. aSeminario sobre la planeación económica y asuntos relacionados con ella aMéxico, D.F. :bEd. Cultura,c1958 a244 p.b: ilus.14aDesarrollo económico.14aEconomía.0 aBanco de México.